Operating system: internal and design principles / (Record no. 478)

MARC details
000 -LEADER
Fixed length control field 00504nam a2200181 4500
003 - CONTROL NUMBER IDENTIFIER
Control field SEACOMEC
005 - DATE AND TIME OF LATEST TRANSACTION
Control field 20250207123934.0
008 - FIXED-LENGTH DATA ELEMENTS--GENERAL INFORMATION
Fixed length control field 240113b |||||||| |||| 00| 0 eng d
020 ## - INTERNATIONAL STANDARD BOOK NUMBER / ISBN
Price Rs.299.00
040 ## - CATALOGING SOURCE
Original cataloging agency SEACOMEC
082 ## - DEWEY DECIMAL CLASSIFICATION NUMBER
Classification number 005.43
Book Number S782
100 ## - MAIN ENTRY--PERSONAL NAME
Personal name Stallings, William
245 1# - TITLE STATEMENT
Title Operating system: internal and design principles /
Statement of responsibility William Stallings
250 ## - EDITION STATEMENT
Edition statement 5th ed.
260 ## - IMPRINT
Place of publication Delhi
Name of publisher Pearson
Date of publication 2005
650 ## - SUBJECT ADDED ENTRY--TOPICAL TERM
Topical term Computer science,*Systems programming and programs
942 ## - ADDED ENTRY ELEMENTS (KOHA)
Koha item type Books
Holdings
Withdrawn status Lost status Source of classification Damaged status Not for loan Home library Current library Date acquired Total Checkouts Call number Accession number Date last seen Price effective from Koha item type Copy number
    Dewey Decimal Classification     SEACOM ENGINEERING COLLEGE SEACOM ENGINEERING COLLEGE 05/06/2006   005.43 S782 01586 13/01/2024 13/01/2024 Books  
    Dewey Decimal Classification     SEACOM ENGINEERING COLLEGE SEACOM ENGINEERING COLLEGE 13/08/2008   005.43 S782 12853 07/02/2025 07/02/2025 Books 1
    Dewey Decimal Classification     SEACOM ENGINEERING COLLEGE SEACOM ENGINEERING COLLEGE 13/08/2008   005.43 S782 12854 07/02/2025 07/02/2025 Books 2
    Dewey Decimal Classification     SEACOM ENGINEERING COLLEGE SEACOM ENGINEERING COLLEGE 13/08/2008   005.43 S782 12855 07/02/2025 07/02/2025 Books 3
    Dewey Decimal Classification     SEACOM ENGINEERING COLLEGE SEACOM ENGINEERING COLLEGE 13/08/2008   005.43 S782 12856 07/02/2025 07/02/2025 Books 4
    Dewey Decimal Classification     SEACOM ENGINEERING COLLEGE SEACOM ENGINEERING COLLEGE 13/08/2008   005.43 S782 12857 07/02/2025 07/02/2025 Books 5
    Dewey Decimal Classification     SEACOM ENGINEERING COLLEGE SEACOM ENGINEERING COLLEGE 13/08/2008   005.43 S782 12858 07/02/2025 07/02/2025 Books 6
    Dewey Decimal Classification     SEACOM ENGINEERING COLLEGE SEACOM ENGINEERING COLLEGE 13/08/2008   005.43 S782 12859 07/02/2025 07/02/2025 Books 7
    Dewey Decimal Classification     SEACOM ENGINEERING COLLEGE SEACOM ENGINEERING COLLEGE 13/08/2008   005.43 S782 12860 07/02/2025 07/02/2025 Books 8
    Dewey Decimal Classification     SEACOM ENGINEERING COLLEGE SEACOM ENGINEERING COLLEGE 13/08/2008   005.43 S782 12861 07/02/2025 07/02/2025 Books 9
    Dewey Decimal Classification     SEACOM ENGINEERING COLLEGE SEACOM ENGINEERING COLLEGE 13/08/2008   005.43 S782 12862 07/02/2025 07/02/2025 Books 10
© Seacom Engineering College, All rights reserved.      Powered by Koha